[Event "POL-chT3 Kujawsko Pomorskie 1516"]
[Site "Poland"]
[Date "2015.11.22"]
[Round "2"]
[White "Janik, Tomasz"]
[Black "Rogulski, Sebastian"]
[Result "1/2-1/2"]
[WhiteElo "2047"]
[BlackElo "1412"]
[PlyCount "68"]
[EventDate "2015.11.08"]
[EventType "team-tourn"]
[EventRounds "9"]
[EventCountry "POL"]
[SourceTitle "EXT 2019"]
[Source "ChessBase"]
[SourceDate "2018.10.10"]
[SourceVersion "1"]
[SourceVersionDate "2018.10.10"]
[SourceQuality "1"]

1. d4 Nf6 2. Bg5 g6 3. Nf3 Bg7 4. Nbd2 d6 5. e4 0-0 6. c3 c6 7. Bd3 Bg4 8. h3 Bxf3 9. Qxf3 Qc7 10. 0-0 Nbd7 11. Rfe1 c5 12. Qe3 Rfe8 13. d5 Rab8 14. f4 b5 15. Kh1 h6 16. Bh4 c4 17. Bc2 Qc5 18. Qe2 Nh5 19. f5 Ne5 20. Nf3 Nf4 21. Qd2 Ned3 22. Rf1 g5 23. Bg3 Nh5 24. Bf2 Nxf2+ 25. Rxf2 b4 26. Nd4 bxc3 27. bxc3 Be5 28. Nc6 Ng3+ 29. Kg1 Bf4 30. Qe1 Be3 31. Nd4 Bxd4 32. cxd4 Qxd4 33. Rd1 Qe5 34. Kh2 Nh5+ 1/2-1/2